[Event "Muensterland Verbandsliga 1718"]
[Site "Germany"]
[Date "2018.01.20"]
[Round "5.2"]
[White "Janssen, Dirk"]
[Black "Schluetermann, Philipp"]
[Result "1-0"]
[WhiteElo "1926"]
[BlackElo "1830"]
[PlyCount "57"]
[EventDate "2017.09.09"]
[EventType "team-tourn"]
[EventRounds "9"]
[EventCountry "GER"]
[SourceTitle "EXT 2019"]
[Source "ChessBase"]
[SourceDate "2018.10.10"]
[SourceVersion "1"]
[SourceVersionDate "2018.10.10"]
[SourceQuality "1"]
[WhiteTeam "Muenster SK IV"]
[BlackTeam "Duelmen"]
[WhiteTeamCountry "GER"]
[BlackTeamCountry "GER"]

1. c4 f5 2. g3 Nf6 3. Bg2 e6 4. Nf3 Be7 5. 0-0 0-0 6. b3 d5 7. Bb2 c6 8. d3 a5 9. a3 Nbd7 10. Nbd2 Rb8 11. Qc2 b5 12. Nd4 Ne5 13. Nxe6 Bxe6 14. Bxe5 Rc8 15. e4 Ng4 16. Bb2 fxe4 17. dxe4 Rxf2 18. Rxf2 Bc5 19. Raf1 Qb6 20. Nf3 Nxf2 21. Rxf2 dxe4 22. Ng5 Rf8 23. Nxe4 Bf5 24. Qc3 Bxf2+ 25. Nxf2 Qa7 26. c5 Qe7 27. Bxc6 Be6 28. Bg2 Bxb3 29. Qxb3+ 1-0

[Event "Dortmund Sparkassen op-B 44th"]
[Site "Dortmund"]
[Date "2016.07.13"]
[Round "5"]
[White "Koellner, Aaron Noah"]
[Black "Schluetermann, Philipp"]
[Result "1-0"]
[WhiteElo "1715"]
[BlackElo "1866"]
[PlyCount "95"]
[EventDate "2016.07.09"]
[EventType "swiss"]
[EventRounds "9"]
[EventCountry "GER"]
[SourceTitle "CBM 173 Extra"]
[Source "ChessBase"]
[SourceDate "2016.08.29"]
[SourceVersion "1"]
[SourceVersionDate "2016.08.29"]
[SourceQuality "1"]

1. d4 Nf6 2. Nf3 d5 3. e3 g6 4. Nbd2 Bg7 5. b4 0-0 6. c4 a5 7. b5 dxc4 8. Bxc4 Nbd7 9. a4 Nb6 10. Bb3 Re8 11. 0-0 Bf5 12. Re1 Be4 13. Bxf7+ Kxf7 14. Ng5+ Kg8 15. Ndxe4 Qd5 16. Nxf6+ exf6 17. Nf3 Nd7 18. Qc2 Rac8 19. Qa2 Qxa2 20. Rxa2 f5 21. Bd2 b6 22. Rc2 Nf6 23. Rec1 Nd5 24. Rc6 Bf8 25. Ne5 Bd6 26. Nc4 Bb4 27. Bxb4 Nxb4 28. Nd6 Nxc6 29. Nxc8 Nxd4 30. Rxc7 Ne6 31. Rc6 Nd4 32. Rc4 Nb3 33. Nxb6 Rd8 34. g3 Rd1+ 35. Kg2 g5 36. g4 fxg4 37. Rxg4 h6 38. h4 Nc1 39. hxg5 h5 40. Rd4 Nd3 41. Nc4 Ne1+ 42. Kg3 Rc1 43. b6 Nc2 44. Rd8+ Kh7 45. b7 Rg1+ 46. Kf4 Rg4+ 47. Kf5 Rxc4 48. Rd7+ 1-0

[Event "Dortmund Sparkassen op-B 44th"]
[Site "Dortmund"]
[Date "2016.07.11"]
[Round "3"]
[White "Naumann, Felix"]
[Black "Schluetermann, Philipp"]
[Result "1/2-1/2"]
[WhiteElo "1812"]
[BlackElo "1866"]
[PlyCount "83"]
[EventDate "2016.07.09"]
[EventType "swiss"]
[EventRounds "9"]
[EventCountry "GER"]
[SourceTitle "CBM 173 Extra"]
[Source "ChessBase"]
[SourceDate "2016.08.29"]
[SourceVersion "1"]
[SourceVersionDate "2016.08.29"]
[SourceQuality "1"]

1. d4 Nf6 2. Nf3 d5 3. Bf4 c5 4. c3 Nc6 5. e3 e6 6. Nbd2 Qb6 7. Rb1 Nh5 8. Bg5 h6 9. Bh4 g5 10. Ne5 Nxe5 11. Qxh5 cxd4 12. exd4 Ng6 13. Bg3 Bd6 14. Nf3 Bd7 15. Bd3 0-0-0 16. Bxg6 fxg6 17. Qxg6 Rdg8 18. Qc2 h5 19. Ne5 Be8 20. Nd3 Bg6 21. Rd1 g4 22. Qe2 Be4 23. Bxd6 Qxd6 24. 0-0 Bf3 25. Qc2 Bxd1 26. Rxd1 Kb8 27. Ne5 Rg7 28. Ng6 Rhg8 29. Nh4 Qf4 30. g3 Qf6 31. Re1 Rf7 32. Re2 Qh6 33. Qd1 Rgf8 34. Qe1 Rf6 35. Kg2 Qh7 36. Kg1 Qg8 37. Kh1 Qf7 38. Kg1 Qd7 39. Rd2 Ka8 40. Qe5 Qf7 41. Qe1 Qd7 42. Re2 1/2-1/2

[Event "Muensterland Regionalliga 1516"]
[Site "Germany"]
[Date "2015.09.26"]
[Round "2.8"]
[White "Schluetermann, Philipp"]
[Black "Fasselt, Hendrik"]
[Result "1-0"]
[WhiteElo "1801"]
[BlackElo "1804"]
[PlyCount "80"]
[EventDate "2015.09.05"]
[EventType "team"]
[EventRounds "9"]
[EventCountry "GER"]
[SourceTitle "EXT 2017"]
[Source "ChessBase"]
[SourceDate "2016.10.25"]
[SourceVersion "1"]
[SourceVersionDate "2016.10.25"]
[SourceQuality "1"]
[WhiteTeam "Duelmen"]
[BlackTeam "Raesfeld Erle"]
[WhiteTeamCountry "GER"]
[BlackTeamCountry "GER"]

1. d4 d5 2. c4 e6 3. Nf3 Nf6 4. Nc3 Be7 5. Bf4 c6 6. e3 0-0 7. cxd5 exd5 8. Bd3 Nbd7 9. 0-0 Re8 10. h3 Nf8 11. Ne5 Be6 12. a3 N6d7 13. b4 Nxe5 14. Bxe5 Bf6 15. Bh2 Rc8 16. Qd2 Qe7 17. Rfc1 g6 18. Ne2 Qd7 19. Rab1 Be7 20. a4 Bd6 21. Bxd6 Qxd6 22. b5 c5 23. dxc5 Rxc5 24. Rxc5 Qxc5 25. Qb2 Nd7 26. Rc1 Qd6 27. Nd4 Nc5 28. Qb4 b6 29. Be2 Rc8 30. Nc6 Bd7 31. Nxa7 Ra8 32. a5 Rxa7 33. axb6 Qxb6 34. Qxc5 Qb7 35. b6 Ra2 36. Bf3 Rb2 37. Qc7 Rxb6 38. Qd8+ Kg7 39. Rc7 Rb1+ 40. Kh2 Qb8 1-0

[Event "Dortmund Sparkassen op-B"]
[Site "Dortmund"]
[Date "2013.07.28"]
[Round "2"]
[White "Truemper, Michael"]
[Black "Schluetermann, Philipp"]
[Result "1-0"]
[WhiteElo "1719"]
[BlackElo "1442"]
[PlyCount "137"]
[EventDate "2013.07.27"]
[EventType "swiss"]
[EventRounds "9"]
[EventCountry "GER"]
[SourceTitle "EXT 2022"]
[Source "ChessBase"]
[SourceDate "2021.10.06"]
[SourceVersion "1"]
[SourceVersionDate "2021.10.06"]
[SourceQuality "1"]

1. d4 f5 2. Bg5 g6 3. Nd2 Nf6 4. Bxf6 exf6 5. e3 b6 6. g3 Bb7 7. Ngf3 Bg7 8. Bg2 0-0 9. 0-0 d6 10. Nh4 Bxg2 11. Nxg2 Qe8 12. c4 Na6 13. Qb3 Kh8 14. Qa3 Nb8 15. b4 g5 16. Rfe1 Qg6 17. Rad1 Nc6 18. Qa4 Nd8 19. Nb3 Qe8 20. Qa3 a5 21. b5 Rf7 22. d5 Nb7 23. Nd4 Qd7 24. Qd3 Nc5 25. Qxf5 Qxf5 26. Nxf5 Re8 27. g4 Re4 28. Rd4 h6 29. Red1 Kh7 30. Ne1 Kg6 31. Kg2 Rxg4+ 32. Rxg4 Kxf5 33. Rgd4 Re7 34. Nd3 Nd7 35. Nc1 Kg6 36. R4d2 Re4 37. Rc2 Ne5 38. Rd4 Rxd4 39. exd4 Nd7 40. Re2 Kf7 41. Rd2 Bf8 42. Ne2 f5 43. Ng3 f4 44. Ne4 Kg6 45. Rd1 Be7 46. h3 Kf7 47. Kf3 Kg6 48. Ke2 Kf5 49. f3 Kg6 50. Kd3 Kf5 51. Re1 Nf8 52. Nf2 Kf6 53. Ng4+ Kf7 54. Nxh6+ Ke8 55. Nf5 Ng6 56. Nxe7 Nxe7 57. Rg1 Kf7 58. Rxg5 Kf6 59. h4 Ng6 60. Rxg6+ Kxg6 61. Ke4 Kh5 62. Kxf4 Kxh4 63. Kf5 Kh5 64. f4 Kh6 65. Ke6 Kg6 66. f5+ Kg7 67. f6+ Kf8 68. f7 a4 69. a3 1-0